Historia de la filosofía contemporánea

Sparad:
Bibliografiska uppgifter
Huvudupphovsman: Verneaux, Roger (Författare, medförfattare)
Materialtyp: Bok
Språk:spanska
Publicerad: Barcelona Herder 1966
Serie:Curso de filosofía tomista
Ämnen:
Taggar: Lägg till en tagg
Inga taggar, Lägg till första taggen!

MARC

LEADER 00000nam a2200000 a 4500
001 UCY6127
003 CL-VaPUC
005 20241212091156.0
008 950521e19660000SP |||||||||||||||||spa|d
999 |c 233710  |d 233708 
040 |c Pontificia Universidad Católica de Valparaíso 
082 0 4 |a 190  |b VER  |2 21 
100 0 |a Verneaux, Roger  |e author  |9 335829 
245 1 0 |a Historia de la filosofía contemporánea 
260 |a Barcelona  |b Herder  |c 1966 
300 |a 245 p 
490 0 |a Curso de filosofía tomista 
583 |a last modification  |c 19950521 00:00:00  |k Rodrigo Vera 
600 0 7 |a SCHOPENHAUER, ARTHUR  |2 CL-VaPUC  |9 265694 
600 0 |a Comte, Auguste  |9 334591 
600 0 7 |a RENOUVIER, CHARLES  |2 CL-VaPUC  |9 335830 
600 0 7 |a HAMELIN, OCTAVIO  |2 CL-VaPUC  |9 335831 
600 0 7 |a LACHELIER, JULES  |2 CL-VaPUC  |9 335832 
600 0 7 |a BRUNSCHVICG, LEON  |2 CL-VaPUC  |9 335833 
600 0 7 |a Maine de Biran, François-Pierre,  |d 1766-1824  |9 861990 
600 0 7 |a RAVAISSON MOLLIEN, FELIX  |2 CL-VaPUC  |9 335835 
600 0 |a Bergson, Henri-Louis  |9 318450 
600 0 7 |a BLONDEL, MAURICE  |2 CL-VaPUC  |9 335836 
600 0 7 |a Husserl, Edmund  |d 1859-1938  |9 575718 
600 0 |a Marcel, Gabriel  |d 1889-1973  |9 862359 
600 0 7 |a SARTRE, JEAN-PAUL  |2 CL-VaPUC  |9 269377 
600 0 7 |a Jaspers, Karl   |d 1883-1969  |9 858275 
600 0 |a Marx, Karl Heinrich,  |d 1818-1883  |9 861123 
650 0 |a Historia  |9 255047 
650 0 |a Filosofía   |9 223554 
650 0 |a Escuelas filosóficas   |9 266232 
650 0 |a Idealismo  |9 265685 
650 0 |a Positivismo  |9 269460 
650 0 |a Existencialismo  |9 265698 
650 0 |a Fenomenología  |9 256519 
650 0 |a Espiritualismo   |9 334876 
650 7 |a HEGELIANISMO  |2 CL-VaPUC  |9 335839 
651 0 |a Alemania  |9 255688 
651 0 |a Francia  |9 255157 
852 |a BIBCUR 
942 |c BK  |2 ddc 
945 |d 19950521 00:00:00  |a cmena 
952 |0 0  |1 0  |4 0  |6 190_000000000000000_VER_1966  |7 0  |8 A  |9 239410  |a BIBEDU  |b BIBEDU  |d 2019-11-18  |i 1504517  |o 190 VER 1966  |p 1504517  |r 2019-11-18  |w 2019-11-18  |y BK  |k EDU 
952 |0 0  |1 0  |4 0  |6 190_000000000000000_VER_1966  |7 0  |8 A  |9 239411  |a BIBEDU  |b BIBEDU  |d 2019-11-18  |i 3127400  |o 190 VER 1966  |p 3127400  |r 2019-11-18  |w 2019-11-18  |y BK  |k FIL